|
|
|
|
| LEADER |
00827nam a2200205 u 4500 |
| 001 |
10052264 |
| 003 |
GR-PaULI |
| 005 |
20230202083243.0 |
| 008 |
881025s2017 gr j gre |
| 952 |
|
|
|0 0
|1 0
|2 ddc
|4 0
|6 889_340000000000000_ΓΚΥ
|7 0
|9 368249
|a LISP
|b LISP
|c DON
|d 2023-02-02
|e ΠΑΤ
|i 150119
|l 0
|o 889.34 ΓΚΥ
|p 025000277338
|r 2023-02-02 00:00:00
|t 1
|w 2023-02-02
|y BKN
|
| 999 |
|
|
|c 215156
|d 215156
|
| 020 |
|
|
|a 9789609542470
|
| 040 |
|
|
|a GR-PaULI
|c GR-PaULI
|b gre
|e AACR2
|
| 082 |
0 |
4 |
|a 889.34
|2 23
|
| 100 |
1 |
|
|a Γκυ, Δάφνη - Μαρία,
|9 189686
|d 1964-
|e συγργαφέας.
|
| 245 |
1 |
4 |
|a Της Κάλυμνος κύματα και παραμύθια /
|b
|c Δάφνη Μαρία Γκυ.
|
| 260 |
|
|
|a Αθήνα :
|b Κοράλι,
|c 2017.
|
| 300 |
|
|
|a 78 σ. ;
|b
|c 21 εκ.
|
| 942 |
|
|
|2 ddc
|c BK
|
| 998 |
|
|
|c ΜΠΟΥΡΑΣ
|d 2023-01
|